[Event "Nimzowitsch Memorial"]
[Site "Naestved DEN"]
[Date "1985.09.16"]
[Round "3"]
[White "Hansen, Curt"]
[Black "Chandler, Murray Graham"]
[Result "0-1"]
[WhiteElo "2500"]
[BlackElo "2525"]
[EventDate "1985.09.14"]
[PlyCount "76"]

1.d4 Nf6 2.Nf3 e6 3.g3 b5 4.Bg2 Bb7 5.Bg5 c5 6.c3 Be7 7.O-O Na6 8.Nbd2 
cxd4 9.cxd4 O-O 10.e3 h6 11.Bxf6 Bxf6 12.Qe2 Qb6 13.Rfc1 Rac8 14.Ne1 Bxg2 
15.Kxg2 e5 16.dxe5 Bxe5 17.Nd3 d6 18.Ne4 f5 19.Nd2 Nc5 20.Nf3 Qb7 21.Rd1 
Na4 22.Rac1 a6 23.Rb1 Rfe8 24.Rd2 Qe4 25.Rbd1 Nb6 26.Nxe5 dxe5 27.Kg1 Nc4 
28.Rd7 Nxb2 29.Ng5 Qg4 30.Qxb2 Qxg5 31.Ra7 Rc6 32.Rdd7 Rg6 33.Qb3+ Kh7 34.
Qf7 Rc8 35.Rd5 Qg4 36.Rxe5 Qf3 37.Rc7 Rxc7 38.Qxc7 Rc6 0-1

[Event "Nimzowitsch Memorial"]
[Site "Naestved DEN"]
[Date "1985.09.23"]
[Round "8"]
[White "Vaganian, Rafael"]
[Black "Hansen, Curt"]
[Result "0-1"]
[WhiteElo "2625"]
[BlackElo "2500"]
[EventDate "1985.09.14"]
[PlyCount "78"]

1.d4 Nf6 2.c4 e6 3.Nf3 d5 4.g3 c5 5.cxd5 Nxd5 6.Bg2 Be7 7.O-O O-O 8.dxc5 
Bxc5 9.a3 Nc6 10.Qc2 Bb6 11.Nbd2 Bd7 12.e4 Nde7 13.Nc4 Nd4 14.Qd1 Bb5 15.
Nfd2 Nec6 16.Re1 f6 17.Bf1 Ne5 18.Kg2 Bxc4 19.Bxc4 Rc8 20.Qa4 Qe8 21.Bb3 
Rc6 22.Rf1 Qc8 23.Ba2 Rd8 24.f4 Nd3 25.Bc4 Nc5 26.Qd1 Nxe4 27.b3 Nxd2 28.
Bxd2 Rcd6 29.Ra2 Qc6+ 30.Kh3 f5 31.a4 Kh8 32.Bc1 Bc5 33.Qh5 a6 34.a5 Rf8 
35.Bb2 e5 36.fxe5 Rh6 37.Qxh6 Qxh6+ 38.Kg2 Qc6+ 39.Kh3 Nf3 0-1

[Event "Nimzowitsch Memorial"]
[Site "Naestved DEN"]
[Date "1985.09.25"]
[Round "9"]
[White "Ftacnik, Lubomir"]
[Black "Short, Nigel David"]
[Result "0-1"]
[WhiteElo "2500"]
[BlackElo "2575"]
[EventDate "1985.09.14"]
[PlyCount "106"]

1.d4 e6 2.Nf3 Nf6 3.c4 b6 4.a3 Bb7 5.Nc3 d5 6.cxd5 exd5 7.Bg5 Be7 8.Qa4+ 
c6 9.e3 O-O 10.Bd3 Ne4 11.Bxe4 Bxg5 12.Nxg5 Qxg5 13.Bf3 Na6 14.O-O Rfd8 
15.Rfe1 Nc7 16.b4 Ne6 17.Rad1 Qf6 18.Bg4 Ng5 19.f4 Ne6 20.Qc2 Nc7 21.Rf1 
Ba6 22.Rf3 Nb5 23.Nxb5 Bxb5 24.Rh3 h6 25.a4 Bc4 26.Be2 Bxe2 27.Qxe2 Qd6 
28.Qd2 a5 29.Rb1 Rdb8 30.b5 Rc8 31.Rf3 cxb5 32.Rxb5 Rc4 33.Qa2 Rac8 34.h3 
Qg6 35.Rb2 h5 36.Kh2 h4 37.Qb1 Rc2 38.Rxc2 Rxc2 39.Qf1 Ra2 40.f5 Qd6+ 41.
Rf4 Rxa4 42.Qf3 Rc4 43.f6 g6 44.Qg4 a4 45.Qg5 a3 46.e4 dxe4 47.Qh6 Qf8 48.
Qxf8+ Kxf8 49.Rxh4 Kg8 50.Rxe4 b5 51.Re8+ Kh7 52.d5 a2 53.Re1 b4 0-1

[Event "Nimzowitsch Memorial"]
[Site "Naestved DEN"]
[Date "1985.09.26"]
[Round "10"]
[White "Short, Nigel David"]
[Black "Chandler, Murray Graham"]
[Result "1/2-1/2"]
[WhiteElo "2575"]
[BlackElo "2525"]
[EventDate "1985.09.14"]
[PlyCount "82"]

1.e4 c5 2.Nf3 d6 3.d4 Nf6 4.Nc3 cxd4 5.Nxd4 a6 6.a4 e5 7.Nf3 Qc7 8.Bg5 
Nbd7 9.Nd2 h6 10.Bh4 g5 11.Bg3 Nc5 12.Qf3 Be7 13.Bc4 Ne6 14.h4 Nf4 15.Bxf4
gxf4 16.Nd5 Nxd5 17.Bxd5 Be6 18.Bxe6 fxe6 19.Qb3 Kf7 20.g3 Rac8 21.c3 Rhg8
22.gxf4 exf4 23.Qd1 Qc5 24.Qf3 Qe5 25.Kd1 h5 26.Kc2 Rg4 27.Rag1 Bf6 28.
Rxg4 hxg4 29.Qxg4 Rxc3+ 30.bxc3 Qxc3+ 31.Kd1 Qa1+ 32.Ke2 Qxh1 33.h5 b5 34.
axb5 axb5 35.Qg6+ Ke7 36.h6 Qa1 37.Qh7+ Kf8 38.Qd7 Qe5 39.h7 d5 40.Qxb5 
f3+ 41.Kd1 Qa1+ 1/2-1/2

[Event "Nimzowitsch Memorial"]
[Site "Naestved DEN"]
[Date "1985.09.28"]
[Round "11"]
[White "Larsen, Bent"]
[Black "Tal, Mikhail"]
[Result "1/2-1/2"]
[WhiteElo "2565"]
[BlackElo "2565"]
[EventDate "1985.09.14"]
[PlyCount "92"]

1.d4 Nf6 2.Nf3 e6 3.g3 d5 4.Bg2 Be7 5.O-O O-O 6.c4 dxc4 7.Qc2 a6 8.Qxc4 b5
9.Qc2 Bb7 10.Bg5 Nbd7 11.Nbd2 Rc8 12.Bxf6 Nxf6 13.Nb3 Be4 14.Qc3 Nd5 15.
Qd2 c5 16.Nxc5 Bxc5 17.dxc5 Rxc5 18.Rac1 Rxc1 19.Rxc1 Nf6 20.Qxd8 Rxd8 21.
Ne5 Bxg2 22.Kxg2 Ne8 23.Nd3 Kf8 24.Rc6 Rd6 25.Rc8 Ke7 26.Rb8 Nc7 27.f4 Rd8
28.Rb7 Kd7 29.Rb6 Kc8 30.Kf3 a5 31.b3 Rd5 32.Ne5 f6 33.Nc6 Rd6 34.Na7+ Kd7
35.Rb7 Rd5 36.a4 bxa4 37.bxa4 Kd8 38.e3 Rc5 39.Nb5 Kc8 40.Nd6+ Kd7 41.Ne4 
Rc4 42.Ra7 f5 43.Nd2 Rxa4 44.Nb3 Ra2 45.h4 a4 46.Rxa4 Rxa4 1/2-1/2